01225nam a2200265 a 450000100100000000500170001000800410002704000250006808200170009310000410011024501090015126000360026030000350029649000270033150000670035850000730042550000570049865100340055565100480058983000360063791000370067395201140071095201200082499900150094400000718320200929154105.0090907s1984 bl b 001 0 spa d aDO-SdBNPbspacBNPHU a918.1bL732t1 aLima, Nestor dos Santosd192191994313aLa tercera América :bensayo sobre la individualidad continental del Brasil /cNestor dos Santos Lima. aSanto Domingo :bTaller,c1984. a208 p. :bil., mapas ;c23 cm.1 aBiblioteca tallerv163 aTraducción del portugues Alicia Werneck y Ana Maria García aIncluye referencias bibliográficas y notas al pie de las páginas aIncluye datos biográficos del autor en las solapas 4aBrasilxCivilización919944 4aBrasilxCaracterísticas Nacionales919945 0aBiblioteca taller ;n163919946 aValidado. Control de calidad MFF 001050718MOaPDbPDcHDd2009-09-07iLF1l0o918.1 L732tp7183-10r2020-06-25w2020-06-25y1ZNo se presta 001050718MOaPDbPDcHDd2009-09-07iLF1l0o918.1 L732tp7183-20r2020-06-25te. 2w2020-06-25y1ZNo se presta c6964d6964